New laws to improve corporate conduct (Record no. 73915)

MARC details
000 -LEADER
fixed length control field 01092cam a2200229 4500
001 - CONTROL NUMBER
control field WB3946-07
008 - FIXED-LENGTH DATA ELEMENTS--GENERAL INFORMATION
fixed length control field 031203n2003 000 0 eng u
035 ## - SYSTEM CONTROL NUMBER
System control number (Sirsi) u124552
245 ## - TITLE STATEMENT
Title New laws to improve corporate conduct
260 ## - PUBLICATION, DISTRIBUTION, ETC.
Date of publication, distribution, etc. 2003
490 ## - SERIES STATEMENT
Series statement DTI Press Release
Volume/sequential designation (P/2003/589) 4 December 2003 (3)
520 ## - SUMMARY, ETC.
Summary, etc. The "Companies (Audit, Investigations and Community Enterprise) Bill" was published by government. The Bill will introduce safeguards recommended by post-Enron/Worldcom reviews. Company accounting and auditing practices will be more tightly regulated. The Bill aims to raise corporate performance as a whole. http://www.gnn.gov.uk/gnn/national.nsf/Today's+Releases+Frame/89A8F9138F04476480256DF20041CAC5?opendocument.
590 ## - LOCAL NOTE (RLIN)
Local note WB
650 ## - SUBJECT ADDED ENTRY--TOPICAL TERM
Topical term or geographic name entry element COMPANIES (AUDIT, INVESTIGATIONS AND COMMUNITY ENTERPRISE) BILL
650 ## - SUBJECT ADDED ENTRY--TOPICAL TERM
Topical term or geographic name entry element CORPORATE GOVERNANCE
650 ## - SUBJECT ADDED ENTRY--TOPICAL TERM
Topical term or geographic name entry element COMPANY ACCOUNTS
650 ## - SUBJECT ADDED ENTRY--TOPICAL TERM
Topical term or geographic name entry element AUDITING PRACTICES
650 ## - SUBJECT ADDED ENTRY--TOPICAL TERM
Topical term or geographic name entry element LEGISLATION
650 ## - SUBJECT ADDED ENTRY--TOPICAL TERM
Topical term or geographic name entry element AUDITING STANDARDS
690 ## - LOCAL SUBJECT ADDED ENTRY--TOPICAL TERM (OCLC, RLIN)
Topical term or geographic name as entry element MANAGEMENT-BUSINESS MANAGEMENT-FINANCIAL MANAGEMENT
942 ## - ADDED ENTRY ELEMENTS (KOHA)
Suppress in OPAC 0
Holdings
Withdrawn status Lost status Source of classification or shelving scheme Damaged status Not for loan Home library Current library Shelving location Date acquired Total Checkouts Full call number Barcode Date last seen Copy number Price effective from Koha item type
    Dewey Decimal Classification     London London News article 03/12/2003   WB3946-07 124552-1001 06/08/2019 1 06/08/2019 News article